000 01737nam a22004697a 4500
001 000102890
003 CHAP
005 20220329143619.0
008 101004s2010 mx r 00010 spa d
010 _a99353
011 _a100325
035 _a111011
040 _cCHAP
090 _aTesis
100 1 _bMendoza Navarro, Martín
_9124347
245 1 0 _aDiagnóstico mineral en becerras de reemplazo /
_c/por Martín Mendoza Navarro.
260 _aChapingo, Méx. :
_bEl autor,
_c2010.
300 _avi, 47 h. :
_bilus., cuadros.
502 _aTesis ( Ing. Agr. Esp. en Zootecnia) -- UACH. Departamento de Zootecnia
530 _aTambièn disponible en lìnea
590 _aALEPH
_b10
_c20130110
_lUCH01
_h1536
590 _aBATCH-UPD
_b10
_c20130110
_lUCH01
_h0937
590 _aBATCH-UPD
_b10
_c20130410
_lUCH01
_h0554
590 _aBATCH-UPD
_b10
_c20130914
_lUCH01
_h0247
590 _aBATCH-UPD
_b10
_c20140324
_lUCH01
_h1519
590 _aBATCH-UPD
_b10
_c20141002
_lUCH01
_h0845
590 _aCONVERSION
_b10
_c20130109
_lUCH01
_h1355
590 _aE11695DGD
_b10
_c20141006
_lUCH01
_h1058
650 1 4 _aAlimentos y alimentación del ganado
_xValor nutritivo.
_94347
650 1 4 _aDiagnóstico.
_932393
650 1 4 _aGanado vacuno
_xMéxico (Edo.)
_945494
650 1 4 _aGanado vacuno
_xRazas.
_945509
650 1 4 _aGanado vacuno
_xReproducción.
_945510
650 1 4 _aLactancia.
_964346
650 1 4 _aMinerales en nutrición animal.
_975937
856 _3Finding aid
_uhttp://10.13.5.2/tesis/111011.pdf
_zTeclea aqui
901 _aBK
942 _cFOLL
942 _n0
949 _aTesis
_bBC
_cTES
_d33724002160769
_eTS1
_gDonaciØn
_h51104
_i111011
_sb
949 _aTesis
_bBC
_cTES
_d33724002160801
_eTS2
_fc.2
_gDnaciØn
_h51105
_i111011
_sb
999 _c99353
_d99353